<?xml version="1.0" encoding="UTF-8"?>
<record
    xmlns:xsi="http://www.w3.org/2001/XMLSchema-instance"
    xsi:schemaLocation="http://www.loc.gov/MARC21/slim http://www.loc.gov/standards/marcxml/schema/MARC21slim.xsd"
    xmlns="http://www.loc.gov/MARC21/slim">

  <leader>02313nam a22003377i 4500</leader>
  <controlfield tag="003">Do-SdINT</controlfield>
  <controlfield tag="005">20250520110437.0</controlfield>
  <controlfield tag="008">040225s2024    sp      s    |||| 0|spa d</controlfield>
  <datafield tag="020" ind1=" " ind2=" ">
    <subfield code="a">978-84-09-68305-5</subfield>
  </datafield>
  <datafield tag="040" ind1=" " ind2=" ">
    <subfield code="a">DO-SdINT</subfield>
    <subfield code="e">rda</subfield>
    <subfield code="b">spa</subfield>
    <subfield code="c">DO-SdINT</subfield>
  </datafield>
  <datafield tag="072" ind1=" " ind2=" ">
    <subfield code="a">CSH</subfield>
  </datafield>
  <datafield tag="100" ind1="1" ind2=" ">
    <subfield code="a">Gair&#xED;n Sall&#xE1;n, Joaqu&#xED;n</subfield>
    <subfield code="4">coord.</subfield>
    <subfield code="9">9377</subfield>
    <subfield code="e">coordinador</subfield>
  </datafield>
  <datafield tag="245" ind1="1" ind2="0">
    <subfield code="a">Las &#xFA;ltimas reformas educativas no universitarias :</subfield>
    <subfield code="b">fundamentos, aplicaci&#xF3;n y resultados : Red AGE : Red de Apoyo a la Gesti&#xF3;n Educativa /</subfield>
    <subfield code="c">Joaqu&#xED;n Gair&#xED;n Sall&#xE1;n y Mar&#xED;a Ver&#xF3;nica Leiva-Guerrero (coordinadores)</subfield>
  </datafield>
  <datafield tag="264" ind1=" " ind2=" ">
    <subfield code="a">Espa&#xF1;a :</subfield>
    <subfield code="b">EDO : Universidad Aut&#xF3;noma de Barceloa : Editorial Latinoamericana,</subfield>
    <subfield code="c">2024</subfield>
  </datafield>
  <datafield tag="300" ind1=" " ind2=" ">
    <subfield code="a">1 recurso en l&#xED;nea (212 p&#xE1;ginas)</subfield>
  </datafield>
  <datafield tag="336" ind1=" " ind2=" ">
    <subfield code="a">texto</subfield>
    <subfield code="b">txt</subfield>
    <subfield code="2">rdacontent</subfield>
  </datafield>
  <datafield tag="337" ind1=" " ind2=" ">
    <subfield code="a">computadora</subfield>
    <subfield code="b">c</subfield>
    <subfield code="2">rdamedia</subfield>
  </datafield>
  <datafield tag="338" ind1=" " ind2=" ">
    <subfield code="a">recurso en l&#xED;nea</subfield>
    <subfield code="b">c</subfield>
    <subfield code="2">rdacarrier</subfield>
  </datafield>
  <datafield tag="347" ind1=" " ind2=" ">
    <subfield code="a">archivo de texto</subfield>
    <subfield code="b">PDF</subfield>
    <subfield code="2">rda</subfield>
  </datafield>
  <datafield tag="490" ind1=" " ind2=" ">
    <subfield code="a">Informes ;</subfield>
    <subfield code="v">16</subfield>
  </datafield>
  <datafield tag="505" ind1=" " ind2=" ">
    <subfield code="a">Introducci&#xF3;n 8 -- Cap&#xED;tulo 1. Las &#xFA;ltimas reformas educativas no universitarias de Bolivia 11 -- Cap&#xED;tulo 2. Las &#xFA;ltimas reformas educativas no universitarias de Brasil 34 -- Cap&#xED;tulo 3. 
Las &#xFA;ltimas reformas educativas no universitarias de Chile 57 -- Cap&#xED;tulo 4. Las &#xFA;ltimas reformas educativas no universitarias de Colombia 76 --Cap&#xED;tulo 5. Las &#xFA;ltimas reformas educativas no universitarias de Costa Rica 95 -- Cap&#xED;tulo 6. Las &#xFA;ltimas reformas educativas no universitarias de Espa&#xF1;a 111 -- Cap&#xED;tulo 7. Las &#xFA;ltimas reformas educativas no universitarias de M&#xE9;xico 135 -- Cap&#xED;tulo 8. Las &#xFA;ltimas reformas educativas no universitarias de Panam&#xE1; 159 -- Cap&#xED;tulo 9. Las &#xFA;ltimas reformas educativas no universitarias de Portugal 179 -- Cap&#xED;tulo 10. Las &#xFA;ltimas reformas educativas no universitarias de Uruguay 191</subfield>
  </datafield>
  <datafield tag="506" ind1="0" ind2=" ">
    <subfield code="a">Open Access</subfield>
  </datafield>
  <datafield tag="650" ind1=" " ind2="7">
    <subfield code="a">Reforma educativa</subfield>
    <subfield code="9">37429</subfield>
    <subfield code="z">Am&#xE9;rica Latina</subfield>
  </datafield>
  <datafield tag="650" ind1=" " ind2="7">
    <subfield code="a">Educaci&#xF3;n primaria</subfield>
    <subfield code="9">32221</subfield>
  </datafield>
  <datafield tag="650" ind1=" " ind2="7">
    <subfield code="a">Educaci&#xF3;n secundaria</subfield>
    <subfield code="9">32226</subfield>
  </datafield>
  <datafield tag="650" ind1=" " ind2="7">
    <subfield code="a">Pol&#xED;tica educativa</subfield>
    <subfield code="9">36755</subfield>
  </datafield>
  <datafield tag="700" ind1="1" ind2=" ">
    <subfield code="a">Gair&#xED;n Sall&#xE1;n, Joaqu&#xED;n</subfield>
    <subfield code="4">coord.</subfield>
    <subfield code="9">9377</subfield>
    <subfield code="e">coordinador</subfield>
  </datafield>
  <datafield tag="700" ind1=" " ind2=" ">
    <subfield code="a">Leiva-Guerrero, Mar&#xED;a Ver&#xF3;nica </subfield>
    <subfield code="4">coord.</subfield>
    <subfield code="9">109413</subfield>
    <subfield code="e">coordinador</subfield>
  </datafield>
  <datafield tag="856" ind1=" " ind2=" ">
    <subfield code="y">Acceso a Texto Completo</subfield>
    <subfield code="u">https://opacbiblioteca.intec.edu.do/opac-tmpl/files/recursoselectronicos/SerieInformes16Onlinecompressed21.pdf</subfield>
  </datafield>
  <datafield tag="942" ind1=" " ind2=" ">
    <subfield code="c">E-BOOK</subfield>
    <subfield code="2">ddc</subfield>
  </datafield>
  <datafield tag="999" ind1=" " ind2=" ">
    <subfield code="c">13436</subfield>
    <subfield code="d">13436</subfield>
  </datafield>
</record>
